000 00929cad a22002055a 4500
001 E149846
008 100505e20100504xxk 000 0 eng d
035 _a(Sirsi) u149846
041 0 _aeng
110 2 _aRegisters of Scotland
_95601
245 0 0 _aTwenty four percent increase in number of houses sold in Scotland
_h[electronic resource]
260 _c2010
490 _aRegisters of Scotland News Release
_v4 May 2010
520 _aReports that sales transactions in Scotland for Q1 2010 increased by 24.3% when compared to Q1 2009. The average price for a residential property in Scotland was £147 854 in Q1 2010, an increase of 5.4% compared to Q1 2009.
590 _aKA
651 4 _aScotland
_y1999-
690 _aPROPERTY-RESIDENTIAL PROPERTY-RESIDENTIAL PROPERTY MARKET
856 4 0 _uhttps://www.ros.gov.uk/public/news/2010/4_may_2010.html
_zView the press release free of charge at www.ros.gov.uk...
942 _n0
999 _c82299
_d82299